Представление документа в формате RUSMARC

ПолеНазваниеЗначение
  Тип записи a
  Библиографический уровень m
001 Контрольный номер 29df992607504fa398320a35292659ca
005 Дата корректировки 20140701085009.6
010 Индекс ISBN __
a ISBN 5-7133-1225-9
200 Заглавие и сведения об ответственности 1_
a Заглавие Иностранный капитал в экономике России
e Сведения, относящиеся к заглавию [монография]
f Первые сведения об ответственности Елизаветин Михаил Евгеньевич
210 Выходные данные 1_
a Место издания М.
c Издательство Междунар.отношения
d Дата издания 2004
215 Физическое описание __
a Объем 262 с.
610 Ключевые слова 0_
a Ключевые слова монография
610 Ключевые слова 0_
a Ключевые слова экономика России
610 Ключевые слова 0_
a Ключевые слова Россия
610 Ключевые слова 0_
a Ключевые слова иностранный капитал
610 Ключевые слова 0_
a Ключевые слова инвестиции
610 Ключевые слова 0_
a Ключевые слова глобализация
610 Ключевые слова 0_
a Ключевые слова переходная экономика
610 Ключевые слова 0_
a Ключевые слова инвестиционная привлекательность России
610 Ключевые слова 0_
a Ключевые слова зарубежные банки
610 Ключевые слова 0_
a Ключевые слова инвестиционные центры
610 Ключевые слова 0_
a Ключевые слова фондовые операции
610 Ключевые слова 0_
a Ключевые слова лизинг
610 Ключевые слова 0_
a Ключевые слова проектное финансирование
610 Ключевые слова 0_
a Ключевые слова каналы инвестирования
610 Ключевые слова 0_
a Ключевые слова механизмы инвестирования
610 Ключевые слова 0_
a Ключевые слова государственное регулирование
610 Ключевые слова 0_
a Ключевые слова спекуляционный капитал
610 Ключевые слова 0_
a Ключевые слова вывоз капитала
610 Ключевые слова 0_
a Ключевые слова международный опыт инвестирования
610 Ключевые слова 0_
a Ключевые слова Китай
686 Индексы других классификаций __
a Классификационный индекс 65.9(2)-56
2 Код системы rubbk
700 Автор _1
a Фамилия Елизаветин Михаил Евгеньевич
801 Источник записи _0
a Страна RU
b Организация РУК
c Дата составления 20050922
g Правила каталогизации PSBO
801 Источник записи _1
a Страна RU
b Организация РУК
c Дата составления 20050922
g Правила каталогизации PSBO
852 Данные о местонахождении __
i Авторский знак Е 51
j Шифр хранения ББК 65.9(2)
901 Тип документа __
t Тип документа m
938 Служебная информация __
a Название организации Головной вуз
b Имя БД BOOK
c Название АИБС АИБС ИРБИС